| 000 | 00542nam a2200205 a 4500 | ||
|---|---|---|---|
| 001 | BRCA_5205 | ||
| 005 | 20190320205001.0 | ||
| 008 | 261110s1951----sp-a######---#000-0#spa-# | ||
| 041 | _aspa | ||
| 044 | _asp | ||
| 050 | 4 |
_aND813.G6 _b.G69 1951 |
|
| 245 | 1 | 0 | _aGoya. |
| 260 |
_a[Madrid] _bMuseo del Prado _c1951 |
||
| 300 |
_a1 v. (sin paginación) _bil., 7 láminas _c25 cm. |
||
| 500 | _aE36 | ||
| 600 | 1 | 4 |
_aGoya y Lucientes, Francisco José de _d1746-1828 _911075 |
| 650 | 1 | 4 |
_aPintores españoles _97620 |
| 902 | _aGFM | ||
| 942 |
_2lcc _cB |
||
| 999 |
_c4899 _d4899 |
||